000
00333nam a2200145Ia 4500
005
20251222141920.0
008
251222s9999||||xx |||||||||||||| ||spa||
020
_a
8483102862
082
_a
839.78/M22
100
_a
Mankell, Henning
245
0
_a
Cortafuegos
250
_a
1ra.ed.
264
_b
Tusquets Editores,S.A.
942
_c
LIB
999
_c
8679
_d
8679